Emigraciones en Centroamérica: informe final

Պահպանված է:
Մատենագիտական մանրամասներ
Հիմնական հեղինակ: Torres, Héctor
Համատեղ հեղինակ: CSUCA. Programa Centroamericano de Ciencias de la Salud
Ձևաչափ: Տեքստ
Հրապարակվել է: San José: CSUCA
Ցուցիչներ: Ավելացրեք ցուցիչ
Չկան պիտակներ, Եղեք առաջինը, ով նշում է այս գրառումը!

MARC

LEADER 00000 a a2200000 04500
001 21071
003
040
090 |a 091100  
100 |a Torres, Héctor  
110 |a CSUCA. Programa Centroamericano de Ciencias de la Salud  
245 |a Emigraciones en Centroamérica: informe final  
260 |a San José:   |b CSUCA  
300 |a 15 p.  
999 |c 11125  |d 11125